Countries With an A and Y - Statistics

General Stats
  • This quiz has been taken 54 times
  • The average score is 13 of 15
Answer Stats
Answer % Correct
Italy
100%
Paraguay
98%
Uruguay
98%
Guyana
96%
Germany
93%
Kyrgyzstan
93%
Malaysia
91%
Norway
91%
Libya
89%
Hungary
87%
Kenya
83%
Myanmar
80%
Vatican City
74%
Syria
65%
Ivory Coast
59%
No matching quizzes found
Score Distribution
Percent of People with Each Score
Percentile by Number Answered
Your Score History
You have not taken this quiz